000 00352nam a2200145 a 4500
001 3535
003 CDMR
005 20130116135245.0
008 130130s1971||||||||||||||||||||||||||||d
040 _aCDMR
_bcat
_cCDMR
100 1 _aVilaseca, Carmina
_92533
245 1 0 _aTelevisión y educación
_cCarmina Vilaseca
260 _aBarcelona
_c1971
942 _cTSN
999 _c3535
_d3535